<The> startup equation <a> visual guidebook to building, launching and scaling your startup

Enregistré dans:
Détails bibliographiques
Auteur principal: Fisher, Steven
Autres auteurs: Duane, Ja-Naé
Format: Livre
Langue:anglais
Publié: New York McGraw-Hill Education 2016
Sujets:
Tags: Ajouter un tag
Pas de tags, Soyez le premier à ajouter un tag!

MARC

LEADER 00000nam a2200000 4500
001 0217123
005 20230109072832.2
020 |a 978-0-07-183236-6 
020 |a 0-07-183236-X 
041 0 |a eng 
044 |a US 
245 1 0 |a <The> startup equation  |b <a> visual guidebook to building, launching and scaling your startup  |c by Steven Fisher and Ja-Naé Duane 
264 1 |a New York  |b McGraw-Hill Education  |c 2016 
300 |a xv, 300 s. 
610 2 0 |a start-up 
610 2 0 |a marketing 
610 2 0 |a zákazníci 
610 2 0 |a stratégia podnikateľská 
610 2 0 |a modely podnikateľské 
610 2 0 |a inovácia 
610 2 0 |a inovácia výrobkov 
610 2 0 |a dizajn 
100 1 |a Fisher, Steven 
700 1 |a Duane, Ja-Naé